| 000 | 00422 a2200169 4500 | ||
|---|---|---|---|
| 003 | Nust | ||
| 005 | 20170207164906.0 | ||
| 040 | _cNust | ||
| 082 | _a005.1 | ||
| 100 | _aKhan, Raza Abdur Rehman BESE-15 | ||
| 245 |
_aHTML obfuscation (Hard / Soft-copy) _cNC Abdur Rehman Raza Khan |
||
| 260 |
_aRawalpindi _bNUST,MCS _cJune 2013 |
||
| 300 | _a45,p | ||
| 538 | _aAlmirah No,72 Shelf No,6 | ||
| 650 | _aHTML | ||
| 651 | _aBESE-15 | ||
| 942 | _cTHS | ||
| 999 |
_c210246 _d210246 |
||